[Event "Toronto Hart House op"]
[Site "Toronto"]
[Date "2025.02.15"]
[Round "2"]
[White "Zhang, Samuel"]
[Black "Lu, Tony"]
[Result "1-0"]
[WhiteElo "2123"]
[BlackElo "2003"]
[PlyCount "121"]
[EventDate "2025.02.15"]
[EventType "swiss"]
[EventRounds "6"]
[EventCountry "CAN"]
[SourceTitle "CB09_2025"]
[SourceDate "2025.02.27"]
[SourceVersion "1"]
[SourceVersionDate "2025.02.27"]
[SourceQuality "1"]

1. e4 e6 2. d4 d5 3. Nd2 Nf6 4. e5 Nfd7 5. Bd3 c5 6. c3 Nc6 7. Ne2 cxd4 8. cxd4 f6 9. exf6 Nxf6 10. Nf3 Bd6 11. 0-0 0-0 12. Bf4 Bxf4 13. Nxf4 Ne4 14. Qc1 Ng5 15. Nxg5 Qxg5 16. Bxh7+ Kxh7 17. Nxe6 Qxc1 18. Nxf8+ Kg8 19. Raxc1 Kxf8 20. Rfe1 Kf7 21. Rc3 Be6 22. Rf3+ Ke7 23. h3 Rd8 24. Rg3 Kf7 25. Rf3+ Ke7 26. Rd3 Kd6 27. g4 Rf8 28. Kg2 Rf4 29. Red1 Ne7 30. Ra3 a6 31. Rb3 Bc8 32. Kg3 Re4 33. f3 Re2 34. f4 Nc6 35. f5 Re4 36. Rbd3 Nb4 37. Rf3 Nc6 38. Rf4 Re2 39. Kh4 Ke7 40. Kh5 Kf7 41. Rc1 Rxb2 42. a4 Rb4 43. Rc5 Rxa4 44. Rxd5 Rb4 45. Kg5 Ne7 46. Rc5 Bd7 47. f6 Ng6 48. Rc7 Rb5+ 49. Rf5 gxf6+ 50. Kh6 Nf8 51. Rxb5 axb5 52. Rxb7 Ke7 53. d5 Kf7 54. h4 b4 55. g5 fxg5 56. hxg5 b3 57. Rxb3 Kg8 58. Rb7 Be8 59. d6 Nd7 60. g6 Ne5 61. Re7 1-0

[Event "Titled Tuesday intern op 04th Feb Late"]
[Site "Chess.com INT"]
[Date "2025.02.04"]
[Round "6"]
[White "Lu, Tony"]
[Black "El Jawich, Amro"]
[Result "1-0"]
[WhiteElo "2003"]
[BlackElo "2307"]
[PlyCount "99"]
[EventDate "2025.02.04"]
[EventType "swiss (blitz)"]
[EventRounds "11"]
[EventCountry "USA"]
[SourceTitle "CB07_2025"]
[SourceDate "2025.02.12"]
[SourceVersion "1"]
[SourceVersionDate "2025.02.12"]
[SourceQuality "1"]

1. e4 g6 2. d4 Bg7 3. Be3 d5 4. exd5 Nf6 5. c4 0-0 6. Nc3 c6 7. dxc6 Nxc6 8. Be2 Bf5 9. Nf3 Ng4 10. 0-0 Nxe3 11. fxe3 e5 12. d5 e4 13. Nh4 Qxh4 14. dxc6 bxc6 15. Qe1 Qg5 16. Qg3 Qxg3 17. hxg3 Bh6 18. Kf2 Rfd8 19. Rad1 Be6 20. Nxe4 Rxd1 21. Rxd1 Kg7 22. b3 Re8 23. Bf3 Bf5 24. Nd6 Bxe3+ 25. Kf1 Re5 26. Nxf5+ Rxf5 27. Rd3 Bg5 28. Ke2 c5 29. Rd5 Rxd5 30. cxd5 Kf6 31. Kd3 Ke5 32. Kc4 Be3 33. Kb5 f5 34. Kc6 g5 35. d6 g4 36. d7 Bg5 37. Bd5 Bd8 38. Kxc5 h5 39. Bf7 f4 40. Bxh5 Kf5 41. gxf4 Kxf4 42. Kc6 g3 43. Bf3 Ke3 44. Kb7 Kd4 45. Kxa7 Kc3 46. Kb7 Kb2 47. Kc8 Ba5 48. d8Q Bxd8 49. Kxd8 Kxa2 50. b4 1-0

[Event "North American-ch UNN"]
[Site "Dulles"]
[Date "2024.12.23"]
[Round "9"]
[White "Lin, Leo"]
[Black "Lu, Tony"]
[Result "1-0"]
[WhiteElo "2108"]
[BlackElo "1990"]
[PlyCount "79"]
[EventDate "2024.12.18"]
[EventType "swiss"]
[EventRounds "9"]
[EventCountry "USA"]
[SourceTitle "CB02_2025"]
[SourceDate "2025.01.08"]
[SourceVersion "1"]
[SourceVersionDate "2025.01.08"]
[SourceQuality "1"]

1. e4 e6 2. d4 d5 3. e5 c5 4. c3 Nc6 5. Nf3 Nge7 6. Na3 Bd7 7. Nc2 Qa5 8. a3 Nxd4 9. Ncxd4 cxd4 10. Nxd4 Nc6 11. Nf3 Qc7 12. Bf4 Bc5 13. Qd2 Bb6 14. b4 Ne7 15. Bd3 Ba4 16. 0-0 0-0 17. Ng5 h6 18. Nf3 Ng6 19. Bg3 Rac8 20. Rac1 Bb3 21. Rfe1 Qd7 22. h4 Rfe8 23. h5 Nf8 24. Bf4 a5 25. Bxh6 gxh6 26. Qxh6 Bd8 27. Ng5 f5 28. exf6 Bxf6 29. Qxf6 Qg7 30. Qxg7+ Kxg7 31. h6+ Kxh6 32. Nf7+ Kg7 33. Nd6 axb4 34. axb4 Kf6 35. Nxe8+ Rxe8 36. c4 d4 37. Ra1 Rc8 38. Rec1 b5 39. cxb5 Rb8 40. f4 1-0

[Event "North American-ch UNN"]
[Site "Dulles"]
[Date "2024.12.18"]
[Round "2"]
[White "Lu, Tony"]
[Black "Wilson, Ronen"]
[Result "1/2-1/2"]
[WhiteElo "1990"]
[BlackElo "2132"]
[PlyCount "87"]
[EventDate "2024.12.18"]
[EventType "swiss"]
[EventRounds "9"]
[EventCountry "USA"]
[SourceTitle "CB02_2025"]
[SourceDate "2025.01.08"]
[SourceVersion "1"]
[SourceVersionDate "2025.01.08"]
[SourceQuality "1"]

1. c4 Nf6 2. g3 e6 3. Bg2 d5 4. Nf3 dxc4 5. Qa4+ Nbd7 6. Qxc4 c5 7. 0-0 a6 8. a4 b5 9. Qc2 Bb7 10. Nc3 b4 11. Nb1 Be7 12. d3 0-0 13. Nbd2 Nb6 14. b3 Nfd7 15. Bb2 Bf6 16. Rac1 Rc8 17. Nc4 Nxc4 18. dxc4 Bxb2 19. Qxb2 Qf6 20. Qc2 Rcd8 21. Rfd1 g6 22. Ne1 Bxg2 23. Kxg2 Ne5 24. Qb2 Qf5 25. f3 Nc6 26. e3 Qe5 27. Qxe5 Nxe5 28. h3 f5 29. f4 Nf7 30. Nd3 Rc8 31. Kf3 Rfd8 32. Nf2 Kf8 33. e4 Ke7 34. exf5 exf5 35. Re1+ Kf6 36. Re3 Re8 37. Rxe8 Rxe8 38. Rd1 Rd8 39. Rd3 Rd6 40. Ke2 Ke7 41. g4 Rxd3 42. Nxd3 Kd6 43. Kf3 Nd8 44. gxf5 1/2-1/2

[Event "Toronto Crown op"]
[Site "Toronto"]
[Date "2024.08.31"]
[Round "1"]
[White "Lu, Tony"]
[Black "Vettese, Nicholas"]
[Result "0-1"]
[WhiteElo "1972"]
[BlackElo "2333"]
[PlyCount "76"]
[EventDate "2024.08.31"]
[EventType "swiss"]
[EventRounds "6"]
[EventCountry "CAN"]
[SourceTitle "EXT 2025"]
[Source "ChessBase"]
[SourceDate "2024.10.14"]
[SourceVersion "1"]
[SourceVersionDate "2024.10.14"]
[SourceQuality "1"]

1. e4 c5 2. Nf3 e6 3. d4 cxd4 4. Nxd4 Nc6 5. Nc3 Qc7 6. a3 a6 7. Be3 b5 8. Be2 Bb7 9. 0-0 Na5 10. Qd3 Rc8 11. Kh1 Nc4 12. Bc1 g5 13. f4 gxf4 14. Bxf4 Nxb2 15. Qf3 Qxc3 16. Qxc3 Rxc3 17. Be5 f6 18. Bh5+ Ke7 19. Nf5+ exf5 20. Bxc3 Nc4 21. exf5 d6 22. a4 b4 23. Bxb4 Nh6 24. Rf4 Ne5 25. Kg1 Rg8 26. g3 Rg5 27. Be2 Nxf5 28. Kf2 Ke6 29. Re1 Bh6 30. Bg4 Rxg4 31. Rxg4 Be3+ 32. Rxe3 Nxe3 33. Rg7 N3g4+ 34. Ke1 Be4 35. h3 Ne3 36. c3 Nc6 37. Kd2 Nc4+ 38. Ke2 a5 0-1

[Event "Toronto Crown op"]
[Site "Toronto"]
[Date "2024.08.31"]
[Round "2"]
[White "Singh Dhaliwal, Jaipreet"]
[Black "Lu, Tony"]
[Result "1-0"]
[WhiteElo "2049"]
[BlackElo "1972"]
[PlyCount "53"]
[EventDate "2024.08.31"]
[EventType "swiss"]
[EventRounds "6"]
[EventCountry "CAN"]
[SourceTitle "EXT 2025"]
[Source "ChessBase"]
[SourceDate "2024.10.14"]
[SourceVersion "1"]
[SourceVersionDate "2024.10.14"]
[SourceQuality "1"]

1. e4 e6 2. d4 d5 3. e5 c5 4. c3 Nc6 5. Nf3 Bd7 6. Be2 Nge7 7. Na3 cxd4 8. cxd4 f6 9. 0-0 fxe5 10. Nxe5 Nxe5 11. dxe5 a6 12. Nc2 Nc6 13. f4 Bc5+ 14. Kh1 0-0 15. Bd3 Qe7 16. Qh5 g6 17. Qh6 Qg7 18. Qh3 g5 19. Ne3 Bxe3 20. Bxe3 d4 21. Bd2 g4 22. Qh4 Kh8 23. Rae1 Ne7 24. f5 exf5 25. Bh6 Qf7 26. Qf6+ Kg8 27. Bc4 1-0